| 000 | 00681nam a2200265Ia 4500 | ||
|---|---|---|---|
| 008 | 181129s9999 xx 000 0 und d | ||
| 020 | _a9780786802548 | ||
| 050 | _bA536 2000 | ||
| 100 | _aAnaya, Rudolfo | ||
| 245 | 0 | _aRoadrunner's dance / | |
| 245 | 0 | _cby Rudolfo Anaya ; pictures by David Diaz. | |
| 250 | _aFirst edition. | ||
| 260 | _aNew York, NY : | ||
| 260 | _bHyperion Books for Children, | ||
| 260 | _c2000 | ||
| 300 | _aunpaged : | ||
| 300 | _bcolor illustrations ; | ||
| 300 | _c23cm. | ||
| 650 | _aDesert animals. | ||
| 650 | _aRattlesnakes. | ||
| 650 | _aRoadrunner. | ||
| 650 | _aSouthwest, New. | ||
| 700 | _aDiaz, David. | ||
| 700 | _aTitle. | ||
| 999 |
_c359517 _d359517 |
||